00984nam a22003257a 4500001001000000003000900010005001700019007000300036008003400039040005400073041001000127072001400137090001900151100001800170100001600188100002300204100001800227245005000245260003600295300001000331500002200341650001000363650002900373650002100402650002300423909003600446942000700482999001700489952015200506BR0001653BR-BrBNA20230928100533.0ta230509b bl.||||| |||| 00| 0 por d aBR-BrBNAbporcBiblioteca Nacional de Agricultura a(Por) aF04b0150  0150 BR00016531 aCrispim, J.E.1 aSouto, J.S.1 aFurlani Junior, E.1 aAndreotti, M.1 aAdubacao nitrogenada do arroz Oriza sativa L.3 aBotucatu, SP (Brasil): c1993.  a48 p. a41 ref.; 6 tables aArroz aFertilizante Nitrogenado aNutricao Mineral aEpoca de Aplicacao a202309bLuciac55dLucia Elande cBK c61719d61719 002AGRIS40708AGROBASEa41918b41918l0o 0150 BR0001653p0150 BR0001653r2023-09-25t01yBK10d2023-09-25ePortaria Interministerial nÂș 164/94